Welcome to CU Library Online Public Access Catalogue (OPAC)

Statistics for economics, accounting, and business studies / (Record no. 5019)

MARC details
000 -LEADER
fixed length control field 00693cam a22002294a 4500
001 - CONTROL NUMBER
control field 14179997
005 - DATE AND TIME OF LATEST TRANSACTION
control field 20250320162920.0
008 - FIXED-LENGTH DATA ELEMENTS--GENERAL INFORMATION
fixed length control field 051123s2006 enka 001 0 eng
020 ## - INTERNATIONAL STANDARD BOOK NUMBER
International Standard Book Number 027368308X
020 ## - INTERNATIONAL STANDARD BOOK NUMBER
International Standard Book Number 9780273683087
050 00 - LIBRARY OF CONGRESS CALL NUMBER
Classification number HB137
Item number .B37 2006
082 00 - DEWEY DECIMAL CLASSIFICATION NUMBER
Classification number 519.5024/33
Edition information 22
100 1# - MAIN ENTRY--PERSONAL NAME
Personal name Barrow, Michael.
245 10 - TITLE STATEMENT
Title Statistics for economics, accounting, and business studies /
Statement of responsibility, etc. Michael Barrow.
250 ## - EDITION STATEMENT
Edition statement 4th ed.
260 ## - PUBLICATION, DISTRIBUTION, ETC.
Place of publication, distribution, etc. Harlow, England ;
-- New York :
Name of publisher, distributor, etc. FT Prentice Hall,
Date of publication, distribution, etc. 2006.
300 ## - PHYSICAL DESCRIPTION
Extent xiv, 398 p. :
Other physical details ill. ;
Dimensions 25 cm.
500 ## - GENERAL NOTE
General note Includes index.
650 #0 - SUBJECT ADDED ENTRY--TOPICAL TERM
Topical term or geographic name entry element Economics
General subdivision Statistical methods.
650 #0 - SUBJECT ADDED ENTRY--TOPICAL TERM
Topical term or geographic name entry element Commercial statistics.
942 ## - ADDED ENTRY ELEMENTS (KOHA)
Source of classification or shelving scheme Library of Congress Classification
Koha item type Books
Suppress in OPAC No
999 ## -
-- 5019
-- 5019
Holdings
Withdrawn status Lost status Source of classification or shelving scheme Damaged status Not for loan Collection Home library Current library Shelving location Date acquired Total checkouts Full call number Barcode Date last seen Copy number Price effective from Koha item type
    Library of Congress Classification     Non-fiction Graduate Library (Christ Temple) Graduate Library (Christ Temple) General stacks 03/20/2025   HB 137.B37 BAR GSCT00000707 03/20/2025 1 03/20/2025 Books
    Library of Congress Classification     Non-fiction Graduate Library (Christ Temple) Graduate Library (Christ Temple) General stacks 03/20/2025   HB 137.B37 BAR GSCT00000708 03/20/2025 2 03/20/2025 Books
    Library of Congress Classification     Non-fiction Undergraduate Library (Christ Temple) Undergraduate Library (Christ Temple) General stacks 05/19/2025   HB137.B37 BAR ulct00002496 05/19/2025 1 05/19/2025 Books
    Library of Congress Classification     Non-fiction Undergraduate Library (Christ Temple) Undergraduate Library (Christ Temple) General stacks 05/19/2025   HB137.B37 BAR ulct00002497 05/19/2025 2 05/19/2025 Books
© 2023-2024 Copyright: Central University Libraries. All Rights Reserved | Created by: Mahone Tech Office